00757nam a22002297a 450000500170000000800410001701000130005802000260007103500130009703700260011004000120013605000120014808200120016010000210017224501360019325000130032926000500034227000420039230000240043450000510045870000180050920190302162146.0190302b ||||| |||| 00| 0 eng d aB-713161 a9780062312686c799.00 aB-713161 bAksharesh Enterprises adplben a332.678 a332.678 aGraham, Benjamin aThe Intellignent investor:bthe definitive book on value investing/cby Benjamin Graham; updated with new commentary by Jason Zweig arev. ed. aNew York(USA)bHarperCollins Publishersc2018 a195, Broadway,b New York(USA)e10007 axiv,623pc20cm(pbk) aIncludes bibliographical references and index. aZweig, Jason